000
00241 a2200097 4500
001
57467
100
_a
245
_a
Programming and problem solving with visual basic.net
260
_a
Boston
_b
Jones & Bartlett
_c
2003
090
_c
35199
_d
35199
942
_a
NUST-CAE
_c
_c
28001
999
_c
292540
_d
292540